书目信息 |
| 题名: |
括苍山恩仇记
|
|
| 作者: | 吴越 著 | |
| 分册: | 三 | |
| 出版信息: | 北京 中国青年出版社 1985 |
|
| 页数: | 925~1465页 | |
| 开本: | 19cm | |
| 丛书名: | ||
| 单 册: | ||
| 中图分类: | I247.4 , I242.4 | |
| 科图分类: | ||
| 主题词: | 章回小说--中国--现代 | |
| 电子资源: | ||
| ISBN: | ||
| 000 | 00602nam0 2200229 45 | |
| 001 | 1539012435 | |
| 005 | 20150124105041.96 | |
| 010 | @dCNY2.30 | |
| 100 | @a19951030d1985 em y0chiy0121 ea | |
| 101 | 0 | @achi |
| 102 | @aCN@b110000 | |
| 105 | @af z 000yy | |
| 200 | 10 | @a括苍山恩仇记@h三@Akuo cang shan en chou ji@f吴越著 |
| 210 | @a北京@c中国青年出版社@d1985 | |
| 215 | @a925~1465页@c插图@d19cm | |
| 606 | @a章回小说@y中国@z现代 | |
| 690 | @aI247.4@v3 | |
| 690 | @aI242.4@v4 | |
| 701 | 0 | @a吴越@4著@Awu yue |
| 801 | 0 | @aCN@bTSSF@c20150124 |
| 801 | 2 | @aCN@bNLC |
| 905 | @aZUCC@dI242.4@eJY103:3 | |
| 括苍山恩仇记.三/吴越著.-北京:中国青年出版社,1985 |
| 925~1465页:插图;19cm |
| ISBN :CNY2.30 |
| ● |
| 相关链接 |
|
|
|
|
正题名:括苍山恩仇记
索取号:I242.4/JY103:3
 
预约/预借
| 序号 | 登录号 | 条形码 | 馆藏地/架位号 | 状态 | 备注 |
| 1 | 7856424 | 278564242 | 学院路分馆/ [索取号:I242.4/JY103:3] | 在馆 |